000 01171cam a22001694a 4500
999 _c4179
_d4179
020 _a0072991054 (alk. paper)
050 0 0 _aHF5657.4
_b.E35
245 0 0 _aFundamental managerial accounting concepts /
_cThomas P. Edmonds ... [et al.].
250 _a3rd ed.
260 _aNew York :
_bMcGraw-Hill/Irwin,
_c2006.
300 _axxxii, 654 p. :
_bcol. ill. ;
_c29 cm.
500 _aIncludes index.
505 _aManagement Accounting: A Value-Added Discipline. Cost Behavior, Operating Leverage, and Profitability Analysis Chapter 3 Analysis of Cost, Volume, and Pricing to Increase Profitability. Relevant Information for Special Decisions. Cost Accumulation, Tracing, and Allocation Using Volume Measures to Allocate Variable. Cost Management in an Automated Business Environment: ABC, ABM, and TQM. Planning for Profit and Cost Control. Performance Evaluation. Responsibility Accounting. Planning for Capital Investments. Product Costing in Service and Manufacturing Entities. Job-Order, Process, and Hybrid Cost Systems. Financial Statement Analysis. Statement of Cash Flows.
650 0 _aManagerial accounting.
700 1 _aEdmonds, Thomas P.
942 _cBK